| 000 | 00838nam a2200205Ii 4500 | ||
|---|---|---|---|
| 003 | JO-AjNU | ||
| 008 | 230605s9999||||xx |||||||||||||| ||und|| | ||
| 040 |
_aJO-AjNU _bara _erda _cJO-AjNU |
||
| 041 | _aara | ||
| 050 | 1 | 4 | _aTX911.3.M27.D3264 2002 |
| 100 | 3 |
_aتاليف الدباس، نزيه, _eauthor _953227 |
|
| 245 | 0 | 0 | _aإدارة قسم الغرف: الدوائر الأمامية والحجوزات = Accommodation Management one Front office & Reservation |
| 250 | _aط2 | ||
| 264 | 3 | 1 | _aعمان: دار الحامد للنشر والتوزيع، 2002 |
| 300 | _a181ص باللغة العربية/184ص باللغة الانجليزية | ||
| 336 |
_atext _btxt _2rdacontent |
||
| 337 |
_aunmediated _bn _2rdamedia |
||
| 338 |
_avolume _bnc _2rdacarrier |
||
| 650 | 4 |
_aالسياحة - الغرف والحجوزات _953228 |
|
| 999 |
_aA23626 _c27194 _d27194 |
||